LEADER 01191nam2-2200409---450- 001 990000466840203316 005 20120214153714.0 010 $a88-244-8389-5 035 $a0046684 035 $aUSA010046684 035 $a(ALEPH)000046684USA01 035 $a0046684 100 $a20010524d1991----km-y0itay0103----ba 101 $aita 102 $aIT 105 $a||||||||001yy 200 1 $a<<1.:>> Atti mortis causa 210 $aNapoli$cSimone$d1991 215 $a365 p$d21 cm 225 2 $aCollana di pratica notarile$v53/1 410 $12001$aCollana di pratica notarile$v53/1 461 $10010046683$12001$aCasi notarili 606 0 $aAtti notarili$xGuide pratiche 676 $a347.45016 801 0$aIT$bsalbc$gISBD 912 $a990000466840203316 951 $aCOLL. PDO 53 1$b6326 G$cCOLL. PDO 951 $aCOLL. PDO 53 1$b6326 G$cCOLL. PDO 959 $aBK 969 $aGIU 979 $aPATTY$b90$c20010524$lUSA01$h1500 979 $aPATTY$b90$c20010524$lUSA01$h1502 979 $c20020403$lUSA01$h1655 979 $aPATRY$b90$c20040406$lUSA01$h1632 979 $aPATRY$b90$c20120214$lUSA01$h1537 996 $aAtti mortis causa$9889090 997 $aUNISA LEADER 05332nam 2200745 450 001 9910822982003321 005 20210719085833.0 010 $a9781118802342 (electronic book) 010 $a1-118-53621-5 010 $a1-118-80234-9 035 $a(CKB)2670000000613971 035 $a(EBL)1895480 035 $a(SSID)ssj0001481637 035 $a(PQKBManifestationID)12641986 035 $a(PQKBTitleCode)TC0001481637 035 $a(PQKBWorkID)11502380 035 $a(PQKB)10208880 035 $a(PQKBManifestationID)16114635 035 $a(PQKB)23271379 035 $a(MiAaPQ)EBC4036160 035 $a(MiAaPQ)EBC1895480 035 $a(DLC) 2014047982 035 $a(Au-PeEL)EBL1895480 035 $a(CaPaEBR)ebr11050667 035 $a(OCoLC)898066570 035 $a(PPN)192274600 035 $a(EXLCZ)992670000000613971 100 $a20141201h20152015 uy| 0 101 0 $aeng 135 $aur|n|---||||| 181 $ctxt$2rdacontent 182 $cc$2rdamedia 183 $acr$2rdacarrier 200 10$aCost estimation $emethods and tools /$fGregory K. Mislick, Daniel A. Nussbaum 210 1$aHoboken, New Jersey :$cWiley,$d[2015] 210 4$dİ2015 215 $a1 online resource (312 pages) 225 1 $aWiley series in operations research and management science 300 $aDescription based upon print version of record. 311 $a1-118-80233-0 311 $a1-118-53613-4 320 $aIncludes bibliographical references and index. 327 $aCover; Title Page; Copyright; Contents; 2.2 What is Cost Estimating?; 2.3 What Are the Characteristics of a Good Cost Estimate?; 2.4 Importance of Cost Estimating in DoD and in Congress. Why Do We Do Cost Estimating?; Foreword; About the Authors; Preface; Acronyms; Chapter 1 ""Looking Back: Reflections on Cost Estimating""; 3.2 Who Practices Cost Estimation?; Reference; Chapter 2 Introduction to Cost Estimating; 2.1 Introduction; 2.4.1 Importance of Cost Estimating to Congress; 2.5 An Overview of the DoD Acquisition Process; 2.6 Acquisition Categories (ACATs); 2.7 Cost Estimating Terminology 327 $aSummaryReferences; Applications and Questions; Chapter 3 Non-DoD Acquisition and the Cost Estimating Process; 3.1 Introduction; 3.3 The Government Accountability Office (GAO) and the 12-Step Process; 3.4 Cost Estimating in Other Non-DoD Agencies and Organizations; 3.4.1 The Intelligence Community (IC); 3.4.2 National Aeronautics and Space Administration (NASA); 3.4.3 The Federal Aviation Administration (FAA); 3.4.4 Commercial Firms; 3.4.5 Cost Estimating Book of Knowledge (CEBOK); 3.4.6 Federally Funded Research and Development Centers (FFRDCs); 3.4.7 The Institute for Defense Analysis (IDA) 327 $a3.4.8 The Mitre Corporation3.4.9 Rand Corporation; 3.5 The Cost Estimating Process; 3.6 Definition and Planning. Knowing the Purpose of the Estimate; 3.6.1 Definition and Planning. Defining the System; 3.6.2 Definition and Planning. Establishing the Ground Rules and Assumptions; 3.6.3 Definition and Planning. Selecting the Estimating Approach; 3.6.4 Definition and Planning. Putting the Team Together; 3.7 Data Collection; 3.8 Formulation of the Estimate; 3.9 Review and Documentation; 3.10 Work Breakdown Structure (WBS); 3.10.1 Program Work Breakdown Structure 327 $a3.10.2 Military-Standard (MIL-STD) 881C3.11 Cost Element Structure (CES); Summary; References; Applications and Questions; Chapter 4 Data Sources; 4.1 Introduction; 4.2 Background and Considerations to Data Collection; 4.2.1 Cost Data; 4.2.2 Technical Data; 4.2.3 Programmatic Data; 4.2.4 Risk Data; 4.3 Cost Reports and Earned Value Management (EVM); 4.3.1 Contractor Cost Data Reporting (CCDR); 4.3.2 Contract Performance Report (CPR); 4.3.3 EVM Example; 4.4 Cost Databases; 4.4.1 Defense Cost and Resource Center (DCARC); 4.4.2 Operating and Support Costs Databases 327 $a4.4.3 Defense Acquisition Management Information Retrieval (DAMIR)Summary; Reference; Applications and Questions; Chapter 5 Data Normalization; 5.1 Introduction; 5.2 Background to Data Normalization; 5.3 Normalizing for Content; 5.4 Normalizing for Quantity; 5.5 Normalizing for Inflation; 5.6 DoD Appropriations and Background; 5.7 Constant Year Dollars (CY); 5.8 Base Year Dollars (BY); 5.9 DoD Inflation Indices; 5.10 Then Year Dollars (TY); 5.11 Using the Joint Inflation Calculator (JIC); 5.12 Expenditure (Outlay) Profile; Summary; References; Applications and Questions 327 $aChapter 6 Statistics for Cost Estimators 330 $a"Provides a step-by-step introduction to the need for cost estimation, the various applications, and the available resources for obtaining relevant data"--$cProvided by publisher. 410 0$aWiley series in operations research and management science. 606 $aCosts, Industrial$xEstimates 606 $aProduction management 615 0$aCosts, Industrial$xEstimates. 615 0$aProduction management. 676 $a658.15/52 686 $aBUS042000$aTEC029000$aBUS087000$2bisacsh 700 $aMislick$b Gregory K.$01724465 702 $aNussbaum$b Daniel A.$f1943- 801 0$bMiAaPQ 801 1$bMiAaPQ 801 2$bMiAaPQ 906 $aBOOK 912 $a9910822982003321 996 $aCost estimation$94126600 997 $aUNINA